[Event "EU-ch 25th"]
[Site "Eforie Nord"]
[Date "2025.03.23"]
[Round "8"]
[White "Suleymanli, Suleyman"]
[Black "Lavrencic, Matic"]
[Result "1/2-1/2"]
[WhiteElo "2305"]
[BlackElo "2446"]
[PlyCount "69"]
[EventDate "2025.03.15"]
[EventType "swiss"]
[EventRounds "11"]
[EventCountry "ROU"]
[SourceTitle "CB13_2025"]
[SourceDate "2025.03.26"]
[SourceVersion "1"]
[SourceVersionDate "2025.03.26"]
[SourceQuality "1"]

1. d4 Nf6 2. Nc3 d5 3. Bf4 a6 4. e3 h6 5. Nf3 e6 6. a3 c5 7. dxc5 Bxc5 8. Bd3 Nc6 9. Qe2 Qe7 10. b4 Ba7 11. Ne5 0-0 12. 0-0 Nd7 13. Nxc6 bxc6 14. e4 Qf6 15. Bd2 Bd4 16. Qe1 Ne5 17. Kh1 a5 18. f4 Nxd3 19. cxd3 Ba6 20. Rf3 axb4 21. axb4 Bb7 22. Ra5 Bb6 23. Ra4 Rfd8 24. e5 Qe7 25. Rf1 c5 26. bxc5 Bxc5 27. h3 Bc6 28. Rxa8 Rxa8 29. Qg3 Kh8 30. Rc1 Qb7 31. Rb1 Qa6 32. Kh2 d4 33. Ne4 Qa7 34. Qe1 Bxe4 35. Qxe4 1/2-1/2

[Event "EU-ch 25th"]
[Site "Eforie Nord"]
[Date "2025.03.22"]
[Round "7"]
[White "Lavrencic, Matic"]
[Black "Sarana, Alexey"]
[Result "0-1"]
[WhiteElo "2446"]
[BlackElo "2689"]
[PlyCount "90"]
[EventDate "2025.03.15"]
[EventType "swiss"]
[EventRounds "11"]
[EventCountry "ROU"]
[SourceTitle "CB13_2025"]
[SourceDate "2025.03.26"]
[SourceVersion "1"]
[SourceVersionDate "2025.03.26"]
[SourceQuality "1"]

1. e4 e5 2. Nf3 Nc6 3. Bb5 Nf6 4. 0-0 Nxe4 5. Re1 Nd6 6. Nxe5 Be7 7. Bf1 Nxe5 8. Rxe5 0-0 9. Nc3 Ne8 10. Nd5 Bd6 11. Re1 c6 12. Ne3 Bc7 13. Nf5 d5 14. Ne7+ Kh8 15. Nxc8 Rxc8 16. g3 f5 17. d3 Qf6 18. Qf3 Nd6 19. c3 Nf7 20. Bf4 d4 21. c4 Ba5 22. Re2 g5 23. Bc1 g4 24. Qg2 Ne5 25. Bg5 Qg7 26. Bh6 Nf3+ 27. Qxf3 Qxh6 28. Qf4 Qxf4 29. gxf4 Rce8 30. Kg2 Rxe2 31. Bxe2 Re8 32. Bf1 h5 33. Kg3 Kg7 34. h3 Be1 35. h4 a5 36. Rc1 a4 37. a3 Kf6 38. c5 Bd2 39. Rc4 Re1 40. Kg2 Rb1 41. Rxd4 Rxb2 42. Rd6+ Ke7 43. Rh6 Be3 44. Kh1 Rxf2 45. Bg2 Rd2 0-1

[Event "EU-ch 25th"]
[Site "Eforie Nord"]
[Date "2025.03.19"]
[Round "5"]
[White "Kuzubov, Yuriy"]
[Black "Lavrencic, Matic"]
[Result "1-0"]
[WhiteElo "2603"]
[BlackElo "2446"]
[PlyCount "61"]
[EventDate "2025.03.15"]
[EventType "swiss"]
[EventRounds "11"]
[EventCountry "ROU"]
[SourceTitle "CB13_2025"]
[SourceDate "2025.03.26"]
[SourceVersion "1"]
[SourceVersionDate "2025.03.26"]
[SourceQuality "1"]

1. c4 Nf6 2. Nc3 e5 3. Nf3 Nc6 4. e3 Bb4 5. Qc2 d6 6. d3 Bf5 7. Bd2 0-0 8. a3 Bxc3 9. Bxc3 Re8 10. e4 Bg4 11. Be2 Bxf3 12. Bxf3 a5 13. 0-0 a4 14. Rae1 Nd7 15. Bg4 Nc5 16. f4 Qh4 17. Bd1 Rf8 18. f5 Qf6 19. Re3 Nd4 20. Qf2 h6 21. Qg3 Rfb8 22. Be1 Nd7 23. Qh3 Qe7 24. Rg3 Kh7 25. Bd2 Rh8 26. f6 Nxf6 27. Bg5 Qe6 28. Bxf6 gxf6 29. Qh4 f5 30. exf5 Qd7 31. Qf6 1-0

[Event "EU-ch 25th"]
[Site "Eforie Nord"]
[Date "2025.03.18"]
[Round "4"]
[White "Lavrencic, Matic"]
[Black "Petrov, Nikita"]
[Result "1/2-1/2"]
[WhiteElo "2446"]
[BlackElo "2588"]
[PlyCount "33"]
[EventDate "2025.03.15"]
[EventType "swiss"]
[EventRounds "11"]
[EventCountry "ROU"]
[SourceTitle "CB13_2025"]
[SourceDate "2025.03.26"]
[SourceVersion "1"]
[SourceVersionDate "2025.03.26"]
[SourceQuality "1"]

1. e4 e5 2. Nf3 Nf6 3. Nxe5 d6 4. Nf3 Nxe4 5. d3 Nf6 6. d4 Be7 7. h3 0-0 8. Bd3 c5 9. 0-0 Nc6 10. Nc3 cxd4 11. Nb5 d5 12. Nbxd4 Ne4 13. c3 Re8 14. Qc2 Bd6 15. Re1 Nxd4 16. Nxd4 Qh4 17. Bf1 1/2-1/2

[Event "EU-ch 25th"]
[Site "Eforie Nord"]
[Date "2025.03.17"]
[Round "3"]
[White "Iturrizaga Bonelli, Eduardo"]
[Black "Lavrencic, Matic"]
[Result "1/2-1/2"]
[WhiteElo "2582"]
[BlackElo "2446"]
[PlyCount "40"]
[EventDate "2025.03.15"]
[EventType "swiss"]
[EventRounds "11"]
[EventCountry "ROU"]
[SourceTitle "CB13_2025"]
[SourceDate "2025.03.26"]
[SourceVersion "1"]
[SourceVersionDate "2025.03.26"]
[SourceQuality "1"]

1. d4 Nf6 2. c4 e6 3. g3 Bb4+ 4. Bd2 a5 5. Bg2 d5 6. Nf3 0-0 7. Qc2 c5 8. cxd5 cxd4 9. Nxd4 Qb6 10. e3 exd5 11. 0-0 Nc6 12. Nxc6 bxc6 13. Rc1 Rb8 14. Nc3 h5 15. a3 Be7 16. Na4 Qc7 17. Qxc6 Qxc6 18. Rxc6 Bd7 19. Rc7 Bd8 20. Rxd7 Nxd7 1/2-1/2

[Event "EU-ch 25th"]
[Site "Eforie Nord"]
[Date "2025.03.16"]
[Round "2"]
[White "Lavrencic, Matic"]
[Black "Gurel, Ediz"]
[Result "1-0"]
[WhiteElo "2446"]
[BlackElo "2620"]
[PlyCount "71"]
[EventDate "2025.03.15"]
[EventType "swiss"]
[EventRounds "11"]
[EventCountry "ROU"]
[SourceTitle "CB13_2025"]
[SourceDate "2025.03.26"]
[SourceVersion "1"]
[SourceVersionDate "2025.03.26"]
[SourceQuality "1"]

1. e4 c5 2. Nf3 e6 3. c3 d5 4. exd5 Qxd5 5. d4 Nf6 6. Na3 Nc6 7. Be3 cxd4 8. Nb5 Qd7 9. Nbxd4 Nd5 10. Bd2 Bd6 11. Nxc6 bxc6 12. c4 Nf6 13. Qc2 c5 14. 0-0-0 Bb7 15. Bc3 Qc7 16. Bd3 Ke7 17. Qe2 Rhd8 18. Rhe1 Bxf3 19. Qxf3 Rab8 20. Qh3 Rd7 21. Kb1 h5 22. Bc2 Qb6 23. Re2 Qa6 24. Qh4 Rbd8 25. Rde1 Bc7 26. Qg5 Kf8 27. Bxf6 gxf6 28. Qxf6 Re8 29. Qh6+ Ke7 30. Ba4 Red8 31. Qg5+ Kf8 32. Bxd7 Rxd7 33. Qxc5+ Bd6 34. Qb5 Qc8 35. Rd1 a6 36. Qa4 1-0

[Event "Wch U20 62nd"]
[Site "Petrovac"]
[Date "2025.03.01"]
[Round "5"]
[White "Lavrencic, Matic"]
[Black "Schlegel, Igor"]
[Result "1-0"]
[WhiteElo "2446"]
[BlackElo "2269"]
[PlyCount "61"]
[EventDate "2025.02.25"]
[EventType "swiss"]
[EventRounds "11"]
[EventCountry "MNE"]
[SourceTitle "CB11_2025"]
[SourceDate "2025.03.12"]
[SourceVersion "1"]
[SourceVersionDate "2025.03.12"]
[SourceQuality "1"]

1. e4 c5 2. Nf3 Nc6 3. Bb5 e6 4. Bxc6 bxc6 5. d3 Qc7 6. Qe2 e5 7. Nfd2 Ne7 8. b3 d6 9. Bb2 Be6 10. Nc4 Ng6 11. g3 Be7 12. h4 h5 13. Ne3 Qd7 14. Nd2 Bd8 15. 0-0-0 Bc7 16. f4 exf4 17. gxf4 Nxf4 18. Qf1 d5 19. Bxg7 Rg8 20. Bf6 d4 21. Nf5 Bxf5 22. exf5 Qxf5 23. Re1+ Kd7 24. Re7+ Kc8 25. Bg5 Bd6 26. Re4 Rxg5 27. hxg5 Qxg5 28. Rg1 Qh6 29. Qf3 f5 30. Re8+ Kb7 31. Rxa8 1-0

[Event "Wch U20 62nd"]
[Site "Petrovac"]
[Date "2025.02.28"]
[Round "4"]
[White "Cao, Qingfeng"]
[Black "Lavrencic, Matic"]
[Result "1/2-1/2"]
[WhiteElo "2342"]
[BlackElo "2446"]
[PlyCount "46"]
[EventDate "2025.02.25"]
[EventType "swiss"]
[EventRounds "11"]
[EventCountry "MNE"]
[SourceTitle "CB11_2025"]
[SourceDate "2025.03.12"]
[SourceVersion "1"]
[SourceVersionDate "2025.03.12"]
[SourceQuality "1"]

1. d4 Nf6 2. c4 e6 3. g3 Bb4+ 4. Nd2 d5 5. Bg2 0-0 6. Ngf3 b6 7. 0-0 Bb7 8. cxd5 exd5 9. a3 Be7 10. Ne5 c5 11. Ndf3 c4 12. Nh4 Qc8 13. Qc2 Ne4 14. Bxe4 dxe4 15. Qxc4 Bxh4 16. gxh4 Ba6 17. Qd5 Bxe2 18. Re1 Bf3 19. Nxf3 Qg4+ 20. Kh1 Qxf3+ 21. Kg1 Qg4+ 22. Kh1 Qf3+ 23. Kg1 Qg4+ 1/2-1/2

[Event "Wch U20 62nd"]
[Site "Petrovac"]
[Date "2025.02.25"]
[Round "1"]
[White "Lavrencic, Matic"]
[Black "Trushko, Andrii"]
[Result "0-1"]
[WhiteElo "2446"]
[BlackElo "2131"]
[PlyCount "90"]
[EventDate "2025.02.25"]
[EventType "swiss"]
[EventRounds "11"]
[EventCountry "MNE"]
[SourceTitle "CB11_2025"]
[SourceDate "2025.03.12"]
[SourceVersion "1"]
[SourceVersionDate "2025.03.12"]
[SourceQuality "1"]

1. e4 e5 2. Nf3 Nc6 3. Bb5 a6 4. Ba4 Nf6 5. 0-0 b5 6. Bb3 Bc5 7. a4 Bb7 8. d3 0-0 9. Bg5 h6 10. Bh4 Be7 11. Bg3 d6 12. Na3 b4 13. Nc4 Bc8 14. h3 Be6 15. a5 Rb8 16. Re1 Qc8 17. c3 Qb7 18. Nfd2 Nd7 19. Bc2 Bg5 20. Qe2 Bxd2 21. Nxd2 Qa7 22. Ba4 Ne7 23. Nf3 bxc3 24. bxc3 Nc5 25. Bc2 Nb3 26. Bxb3 Rxb3 27. d4 f6 28. Rac1 Rfb8 29. Qd1 Ra3 30. c4 Rxa5 31. c5 Ng6 32. cxd6 cxd6 33. dxe5 dxe5 34. Qd6 Re8 35. Rc7 Qb8 36. Rec1 Bf7 37. Qd7 Rf8 38. Rc8 Qb5 39. Rxf8+ Nxf8 40. Qd8 Qb4 41. Rc8 Bg6 42. Nd2 Ra1+ 43. Kh2 Rd1 44. Rb8 Rxd2 45. Qc7 Qd6 0-1

[Event "Budapest FS02 GM"]
[Site "Budapest"]
[Date "2025.02.08"]
[Round "9"]
[White "Kovalev, Andrei"]
[Black "Lavrencic, Matic"]
[Result "1/2-1/2"]
[WhiteElo "2413"]
[BlackElo "2446"]
[PlyCount "82"]
[EventDate "2025.02.01"]
[EventType "tourn"]
[EventRounds "9"]
[EventCountry "HUN"]
[EventCategory "7"]
[SourceTitle "CB07_2025"]
[SourceDate "2025.02.12"]
[SourceVersion "1"]
[SourceVersionDate "2025.02.12"]
[SourceQuality "1"]

1. e4 c5 2. Nf3 d6 3. Bb5+ Nd7 4. d4 cxd4 5. Qxd4 a6 6. Bxd7+ Bxd7 7. 0-0 Nf6 8. Nc3 e5 9. Qd3 h6 10. Nd2 b5 11. a3 Qc7 12. Rd1 Bg4 13. Re1 Rc8 14. Nf1 Be6 15. Ne3 Be7 16. Bd2 0-0 17. a4 Qb7 18. axb5 axb5 19. Nxb5 Qxe4 20. Ra7 Qxd3 21. cxd3 Rb8 22. Rxe7 Rxb5 23. Bc3 Ra8 24. d4 Kf8 25. Rc7 Ra6 26. dxe5 Ne8 27. exd6 Nxc7 28. dxc7 Rc6 29. Nc2 Rxc7 30. Nd4 Rd5 31. Bb4+ Kg8 32. Nxe6 fxe6 33. Rxe6 Rb5 34. Be1 Rxb2 35. g3 Kf7 36. Re3 Re7 37. Rxe7+ Kxe7 38. Bc3 Rb1+ 39. Kg2 Kf7 40. h4 g5 41. hxg5 hxg5 1/2-1/2

[Event "Budapest FS02 GM"]
[Site "Budapest"]
[Date "2025.02.06"]
[Round "6"]
[White "Seres, Lajos"]
[Black "Lavrencic, Matic"]
[Result "1/2-1/2"]
[WhiteElo "2296"]
[BlackElo "2446"]
[PlyCount "68"]
[EventDate "2025.02.01"]
[EventType "tourn"]
[EventRounds "9"]
[EventCountry "HUN"]
[EventCategory "7"]
[SourceTitle "CB07_2025"]
[SourceDate "2025.02.12"]
[SourceVersion "1"]
[SourceVersionDate "2025.02.12"]
[SourceQuality "1"]

1. d4 Nf6 2. c4 e6 3. Nf3 h6 4. g3 Bb4+ 5. Bd2 Be7 6. Bg2 0-0 7. 0-0 d5 8. Qc2 Nbd7 9. b3 b6 10. cxd5 Nxd5 11. Nc3 Bb7 12. Nxd5 Bxd5 13. e4 Bb7 14. Rad1 c5 15. d5 exd5 16. exd5 Bf6 17. Bf4 Re8 18. Nd2 Be5 19. Be3 Nf6 20. Nc4 Bb8 21. a4 Bd6 22. h3 Ba6 23. Rfe1 Bxc4 24. bxc4 Qd7 25. a5 b5 26. cxb5 Qxb5 27. Bd2 Rxe1+ 28. Rxe1 Re8 29. Rxe8+ Nxe8 30. Qf5 Qe2 31. Bc3 Kf8 32. Bf3 Qc4 33. Be5 Bxe5 34. Qxe5 Qa6 1/2-1/2

[Event "Budapest FS02 GM"]
[Site "Budapest"]
[Date "2025.02.05"]
[Round "5"]
[White "Lavrencic, Matic"]
[Black "Gedajlovic, Max"]
[Result "1-0"]
[WhiteElo "2446"]
[BlackElo "2391"]
[PlyCount "51"]
[EventDate "2025.02.01"]
[EventType "tourn"]
[EventRounds "9"]
[EventCountry "HUN"]
[EventCategory "7"]
[SourceTitle "CB07_2025"]
[SourceDate "2025.02.12"]
[SourceVersion "1"]
[SourceVersionDate "2025.02.12"]
[SourceQuality "1"]

1. e4 e6 2. d4 d5 3. Nc3 Bb4 4. e5 c5 5. a3 Bxc3+ 6. bxc3 Ne7 7. h4 Qc7 8. Rh3 Nbc6 9. h5 h6 10. Nf3 Bd7 11. Be2 Na5 12. a4 b6 13. Kf1 0-0-0 14. dxc5 bxc5 15. Rb1 Bc6 16. Ba3 Bxa4 17. Rh4 Nc4 18. Bxc4 dxc4 19. Qe2 Qa5 20. Rxc4 Rd5 21. Rxc5+ Rxc5 22. Bxc5 Nd5 23. Bd6 Nb6 24. c4 Qc3 25. c5 Bxc2 26. Rc1 1-0

[Event "Wch U16 blitz"]
[Site "Terme Catez"]
[Date "2024.12.16"]
[Round "17"]
[White "Lavrencic, Matic"]
[Black "Warchol, Kamil"]
[Result "0-1"]
[WhiteElo "2255"]
[BlackElo "2013"]
[PlyCount "116"]
[EventDate "2024.12.16"]
[EventType "swiss (blitz)"]
[EventRounds "22"]
[EventCountry "SLO"]
[SourceTitle "CB51_2024"]
[SourceDate "2024.12.18"]
[SourceVersion "1"]
[SourceVersionDate "2024.12.18"]
[SourceQuality "1"]

1. e4 c5 2. Nf3 d6 3. d4 cxd4 4. Nxd4 Nf6 5. Nc3 Nc6 6. Bg5 Bd7 7. Nxc6 bxc6 8. Bc4 h6 9. Bxf6 exf6 10. 0-0 Be7 11. Qd3 0-0 12. Rad1 Qa5 13. Bb3 f5 14. Rfe1 fxe4 15. Qxe4 Rfe8 16. Qf3 d5 17. Nxd5 cxd5 18. Bxd5 Bf6 19. Rxe8+ Rxe8 20. Bxf7+ Kxf7 21. Rxd7+ Kg8 22. g3 Qxa2 23. Qb7 Qxb2 24. Qxb2 Bxb2 25. Rxa7 Rc8 26. Ra2 Rxc2 27. Kg2 Rd2 28. Ra8+ Kh7 29. Rf8 Bd4 30. h4 Kg6 31. Rf3 Kh5 32. Rf5+ Kg6 33. Rf3 Bf6 34. Rf4 Rd4 35. Rf3 Kh5 36. Ra3 Rd5 37. Ra4 Kg6 38. Rg4+ Kf7 39. Ra4 h5 40. Rc4 g6 41. Ra4 Ke6 42. Re4+ Re5 43. Ra4 Re2 44. Kf3 Rb2 45. Re4+ Be5 46. Ra4 Kf5 47. Kg2 Rd2 48. Ra3 Bd4 49. Rf3+ Ke4 50. Rf4+ Kd3 51. Rf7 Ke2 52. Re7+ Kd1 53. Rf7 Ke1 54. Re7+ Re2 55. Rxe2+ Kxe2 56. f3 Bf6 57. g4 hxg4 58. fxg4 Bxh4 0-1

[Event "Wch U16 rapid"]
[Site "Terme Catez"]
[Date "2024.12.15"]
[Round "6"]
[White "Lavrencic, Matic"]
[Black "Bazilius, Augustinas"]
[Result "1-0"]
[WhiteElo "2204"]
[BlackElo "2104"]
[PlyCount "107"]
[EventDate "2024.12.14"]
[EventType "swiss (rapid)"]
[EventRounds "11"]
[EventCountry "SLO"]
[SourceTitle "CB51_2024"]
[SourceDate "2024.12.18"]
[SourceVersion "1"]
[SourceVersionDate "2024.12.18"]
[SourceQuality "1"]

1. e4 c5 2. Nf3 d6 3. d4 cxd4 4. Nxd4 Nf6 5. Nc3 a6 6. Bg5 e6 7. f4 Qb6 8. Qd3 Qxb2 9. Rb1 Qa3 10. f5 Be7 11. fxe6 Bxe6 12. Nxe6 fxe6 13. Be2 Nbd7 14. 0-0 Rc8 15. Bd2 Qc5+ 16. Kh1 b5 17. Qh3 Nf8 18. a4 b4 19. Bxa6 bxc3 20. Be3 Qc7 21. Rb7 Qa5 22. Rxe7+ Kxe7 23. Bxc8 Qxa4 24. e5 dxe5 25. Bc5+ Kf7 26. Bxf8 Qc4 27. Bxe6+ Qxe6 28. Qxe6+ Kxe6 29. Bxg7 Rg8 30. Bxf6 Rf8 31. Kg1 Rxf6 32. Rxf6+ Kxf6 33. Kf2 e4 34. Ke3 Ke5 35. g4 Kd5 36. Kf4 Kd4 37. g5 e3 38. Kf3 Ke5 39. Kxe3 Kf5 40. Kd3 Kxg5 41. Kxc3 Kg4 42. Kd4 Kh3 43. c4 h5 44. c5 h4 45. c6 Kxh2 46. c7 h3 47. c8Q Kg2 48. Qg4+ Kh2 49. Ke3 Kh1 50. Qxh3+ Kg1 51. Qg3+ Kh1 52. Qf3+ Kg1 53. Qe2 Kh1 54. Kf3 1-0

[Event "Wch U16 rapid"]
[Site "Terme Catez"]
[Date "2024.12.15"]
[Round "9"]
[White "Lavrencic, Matic"]
[Black "Bodrogi, Bendeguz"]
[Result "0-1"]
[WhiteElo "2204"]
[BlackElo "2315"]
[PlyCount "122"]
[EventDate "2024.12.14"]
[EventType "swiss (rapid)"]
[EventRounds "11"]
[EventCountry "SLO"]
[SourceTitle "CB51_2024"]
[SourceDate "2024.12.18"]
[SourceVersion "1"]
[SourceVersionDate "2024.12.18"]
[SourceQuality "1"]

1. e4 c6 2. Nc3 d5 3. Nf3 dxe4 4. Nxe4 Nf6 5. Qe2 Nxe4 6. Qxe4 Qd5 7. Qh4 Qf5 8. d3 Qg4 9. Qxg4 Bxg4 10. Be2 Nd7 11. h3 Bh5 12. 0-0 h6 13. Bd2 e6 14. Bc3 Nf6 15. Rfe1 Be7 16. a4 0-0 17. a5 Nd5 18. Bd2 Rfd8 19. g4 Bg6 20. Ne5 Bf6 21. Nxg6 fxg6 22. c3 Bg5 23. Bxg5 hxg5 24. a6 Rab8 25. d4 b5 26. Bf3 Kf7 27. Bxd5 cxd5 28. Re5 b4 29. Rae1 Rd6 30. R1e3 Rxa6 31. cxb4 Rxb4 32. Rf3+ Kg8 33. Rxg5 Kh7 34. h4 Rxd4 35. Rf7 Raa4 36. f3 Rf4 37. Re7 Rxf3 38. Rxe6 Rf6 39. Re3 Rb6 40. Re2 d4 41. h5 d3 42. hxg6+ Rxg6 43. Rh2+ Rh6 44. Rxh6+ Kxh6 45. Rh5+ Kg6 46. Rd5 Rxg4+ 47. Kf1 Rb4 48. Rd6+ Kh7 49. Rxd3 Rxb2 50. Ra3 Rb7 51. Ra5 Rf7+ 52. Kg2 Kg8 53. Kg3 Kf8 54. Kg4 Ke8 55. Kg5 Kd8 56. Kg6 Re7 57. Rc5 Rc7 58. Rd5+ Kc8 59. Kf5 Kb7 60. Rb5+ Kc6 61. Rb1 a5 0-1

[Event "Wch U16 rapid"]
[Site "Terme Catez"]
[Date "2024.12.15"]
[Round "8"]
[White "Lavrencic, Matic"]
[Black "Kolimar, Kristof Pal"]
[Result "1-0"]
[WhiteElo "2204"]
[BlackElo "2337"]
[PlyCount "89"]
[EventDate "2024.12.14"]
[EventType "swiss (rapid)"]
[EventRounds "11"]
[EventCountry "SLO"]
[SourceTitle "CB51_2024"]
[SourceDate "2024.12.18"]
[SourceVersion "1"]
[SourceVersionDate "2024.12.18"]
[SourceQuality "1"]

1. e4 c5 2. Nf3 e6 3. d4 cxd4 4. Nxd4 Nc6 5. Nc3 Qc7 6. Be3 a6 7. Be2 Nf6 8. a3 Be7 9. f4 d6 10. g4 Nxd4 11. Qxd4 e5 12. Qd3 exf4 13. Bxf4 Be6 14. 0-0-0 Rd8 15. g5 Nd7 16. h4 Ne5 17. Qg3 0-0 18. h5 Rc8 19. Kb1 b5 20. Rhg1 Qb8 21. Bxe5 dxe5 22. g6 fxg6 23. hxg6 h6 24. Bg4 Bxg4 25. Qxg4 Rxc3 26. Qe6+ Kh8 27. bxc3 Bxa3 28. Rh1 Qe8 29. Qxe8 Rxe8 30. Rd5 Kg8 31. Rh5 Re6 32. Rd8+ Bf8 33. Rf5 Rf6 34. Kc1 a5 35. Kd2 a4 36. Ra8 a3 37. Ke3 Rxf5 38. exf5 h5 39. Kf3 h4 40. Kg4 e4 41. Kxh4 e3 42. Kg3 b4 43. Kf3 bxc3 44. Kxe3 a2 45. Kd3 1-0

[Event "Wch U16 rapid"]
[Site "Terme Catez"]
[Date "2024.12.14"]
[Round "3"]
[White "Lavrencic, Matic"]
[Black "Sapenov, Daniyal"]
[Result "1/2-1/2"]
[WhiteElo "2204"]
[BlackElo "2344"]
[PlyCount "113"]
[EventDate "2024.12.14"]
[EventType "swiss (rapid)"]
[EventRounds "11"]
[EventCountry "SLO"]
[SourceTitle "CB51_2024"]
[SourceDate "2024.12.18"]
[SourceVersion "1"]
[SourceVersionDate "2024.12.18"]
[SourceQuality "1"]

1. e4 d6 2. d4 g6 3. Nf3 Bg7 4. Be2 Nf6 5. Nc3 0-0 6. 0-0 a6 7. Re1 Nc6 8. d5 Nb8 9. a4 e6 10. h3 Re8 11. Bf1 Nbd7 12. dxe6 Rxe6 13. Bc4 Re8 14. Bg5 h6 15. Bh4 Nb6 16. Bb3 Be6 17. Bxe6 Rxe6 18. Nd4 Re8 19. Qd3 Nbd7 20. Rad1 Ne5 21. Qd2 Kh7 22. f4 Ned7 23. Nf3 Qc8 24. e5 Ng8 25. exd6 Rxe1+ 26. Rxe1 cxd6 27. Qxd6 Ndf6 28. Ne5 Qf5 29. Qd3 Qxf4 30. Bg3 Qb4 31. Nxf7 Rf8 32. Ne5 Ne7 33. Kh1 Nf5 34. Bh2 Qxb2 35. Nxg6 Kxg6 36. g4 Kh7 37. Qxf5+ Kh8 38. Be5 Qb4 39. Rf1 Nh7 40. Bxg7+ Kxg7 41. Qe5+ Kg8 42. Qd5+ Kg7 43. Rxf8 Nxf8 44. Qe5+ Kg8 45. Qd5+ Kg7 46. Qe5+ Kg8 47. Kg2 Ng6 48. Qf6 Nf4+ 49. Kf3 Nxh3 50. Qg6+ Kf8 51. Qxh6+ Kg8 52. Ne4 Ng1+ 53. Kf4 Ne2+ 54. Ke3 Qd4+ 55. Kxe2 Qxe4+ 56. Kd2 Qd4+ 57. Kc1 1/2-1/2

[Event "Wch U16 rapid"]
[Site "Terme Catez"]
[Date "2024.12.14"]
[Round "2"]
[White "Lavrencic, Matic"]
[Black "Tomljanovic, Ivano"]
[Result "1-0"]
[WhiteElo "2204"]
[BlackElo "2017"]
[PlyCount "101"]
[EventDate "2024.12.14"]
[EventType "swiss (rapid)"]
[EventRounds "11"]
[EventCountry "SLO"]
[SourceTitle "CB51_2024"]
[SourceDate "2024.12.18"]
[SourceVersion "1"]
[SourceVersionDate "2024.12.18"]
[SourceQuality "1"]

1. e4 c6 2. d4 d5 3. e5 Bf5 4. h4 h5 5. c4 dxc4 6. Bxc4 e6 7. Nc3 Bb4 8. Nge2 Ne7 9. Bg5 Nd7 10. 0-0 f6 11. exf6 gxf6 12. Be3 Nb6 13. Bd3 Qd7 14. Nf4 0-0-0 15. Qb3 Bxc3 16. bxc3 Nbd5 17. Rad1 Rdg8 18. c4 Nxf4 19. Bxf4 Rg4 20. Bg3 Rxd4 21. Be2 e5 22. Rxd4 exd4 23. Qa3 b6 24. c5 Kb7 25. cxb6 a5 26. Rd1 Nd5 27. Rxd4 Re8 28. Qxa5 Ra8 29. Qd2 Qe8 30. Bf3 Be6 31. Qe2 Bf7 32. Re4 Qf8 33. Qd2 Ra6 34. Re1 Rxb6 35. Bxd5 Bxd5 36. Qf4 Qb4 37. Qc7+ Ka6 38. Re8 Kb5 39. Kh2 Kc4 40. Qf4+ Kb5 41. Qxf6 Bxa2 42. Re5+ Bd5 43. Rxh5 Qe4 44. f3 Qe2 45. Qd4 Ra6 46. Bf2 Ra2 47. Qc5+ Ka4 48. Kg3 Qe6 49. Rg5 Ra3 50. Rg4+ Kb3 51. Rb4+ 1-0

[Event "EU-ch 24th"]
[Site "Petrovac"]
[Date "2024.11.09"]
[Round "2"]
[White "Lavrencic, Matic"]
[Black "Martirosyan, Haik M"]
[Result "1-0"]
[WhiteElo "2366"]
[BlackElo "2676"]
[PlyCount "117"]
[EventDate "2024.11.08"]
[EventType "swiss"]
[EventRounds "11"]
[EventCountry "MNE"]
[SourceTitle "CB47_2024"]
[SourceDate "2024.11.20"]
[SourceVersion "1"]
[SourceVersionDate "2024.11.20"]
[SourceQuality "1"]

1. e4 c5 2. Nf3 Nc6 3. Bb5 e6 4. 0-0 Nge7 5. Re1 b6 6. d4 cxd4 7. Nxd4 Nxd4 8. Qxd4 a6 9. Bf1 Nc6 10. Qd1 Qc7 11. Be3 Bb7 12. c4 Bc5 13. Nc3 0-0 14. Na4 d6 15. Rc1 Rad8 16. a3 Rd7 17. Qd2 e5 18. Nc3 Bxe3 19. Qxe3 Nd4 20. Ne2 Ne6 21. Nc3 Qd8 22. g3 f5 23. exf5 Nd4 24. Bg2 Nxf5 25. Qd3 Bxg2 26. Kxg2 Rdf7 27. Rf1 g5 28. Qd5 Qf6 29. Ne4 Qg6 30. Rcd1 Rd8 31. Rfe1 Kg7 32. b4 Qh5 33. c5 bxc5 34. bxc5 Qg4 35. Nxd6 Rf6 36. Qb7+ Kg6 37. Qe4 Qxe4+ 38. Nxe4 Rff8 39. Nd6 Nxd6 40. Rxd6+ Rxd6 41. cxd6 Rd8 42. Rd1 g4 43. f3 h5 44. h3 Kf5 45. fxg4+ hxg4 46. h4 Rd7 47. Kf2 Ke6 48. Ke3 Rxd6 49. Rxd6+ Kxd6 50. Ke4 Ke6 51. h5 Kf6 52. h6 Kg6 53. Kxe5 Kxh6 54. Kf5 Kh5 55. a4 a5 56. Kf4 Kh6 57. Kxg4 Kg6 58. Kf4 Kf6 59. Ke4 1-0

[Event "EU-ch 24th"]
[Site "Petrovac"]
[Date "2024.11.08"]
[Round "1"]
[White "Sargsyan, Shant"]
[Black "Lavrencic, Matic"]
[Result "1/2-1/2"]
[WhiteElo "2655"]
[BlackElo "2366"]
[PlyCount "65"]
[EventDate "2024.11.08"]
[EventType "swiss"]
[EventRounds "11"]
[EventCountry "MNE"]
[SourceTitle "CB47_2024"]
[SourceDate "2024.11.20"]
[SourceVersion "1"]
[SourceVersionDate "2024.11.20"]
[SourceQuality "1"]

1. e4 c5 2. Nf3 e6 3. c3 Nf6 4. e5 Nd5 5. a3 a6 6. d4 cxd4 7. cxd4 d6 8. Bd3 Bd7 9. 0-0 Bc6 10. Qe2 Nd7 11. Rd1 Be7 12. Bd2 0-0 13. h4 dxe5 14. dxe5 Nc5 15. Bc2 Bb5 16. Qe1 Ba4 17. Ba5 Qe8 18. Bxa4 Qxa4 19. Rd4 Qb5 20. a4 Qxb2 21. Nc3 Nxc3 22. Bxc3 Qc2 23. Rc1 Qg6 24. Qd1 a5 25. Bd2 Rfd8 26. Rcc4 Rxd4 27. Rxd4 h6 28. Be3 b6 29. Nd2 Rd8 30. h5 Qf5 31. Rxd8+ Bxd8 32. Nc4 Bc7 33. Bxc5 1/2-1/2

[Event "CRO-chT1B 32nd"]
[Site "Veli Losinj"]
[Date "2024.10.10"]
[Round "6.1"]
[White "Kosakowski, Jakub"]
[Black "Lavrencic, Matic"]
[Result "1/2-1/2"]
[WhiteElo "2516"]
[BlackElo "2366"]
[PlyCount "75"]
[EventDate "2024.10.05"]
[EventType "team-tourn"]
[EventRounds "9"]
[EventCountry "CRO"]
[SourceTitle "CB47_2024"]
[SourceDate "2024.11.20"]
[SourceVersion "1"]
[SourceVersionDate "2024.11.20"]
[SourceQuality "1"]
[WhiteTeam "Split Brda"]
[BlackTeam "Rijeka Rijeka"]
[WhiteTeamCountry "CRO"]
[BlackTeamCountry "CRO"]

1. e4 c5 2. Nf3 e6 3. d4 cxd4 4. Nxd4 Nf6 5. Nc3 Nc6 6. Nxc6 bxc6 7. e5 Nd5 8. Ne4 Qc7 9. f4 Qb6 10. c4 Ne3 11. Qd3 Bb4+ 12. Bd2 Ba6 13. Bxb4 Qxb4+ 14. Kf2 Qxb2+ 15. Be2 Nxc4 16. Rab1 Nxe5 17. fxe5 Qxe5 18. Qxa6 Qxe4 19. Rhd1 0-0 20. Bf3 Qe5 21. Kg1 g6 22. Qc4 Rab8 23. Rxb8 Rxb8 24. Rxd7 Qa5 25. h3 Rb1+ 26. Bd1 Rb5 27. Bb3 Rd5 28. Rb7 Rb5 29. Rxf7 Rxb3 30. Rf1 Re3 31. Qf4 Qc5 32. Kh1 Rc3 33. Rd1 Qf8 34. Qe5 Rd3 35. Qxe6+ Kg7 36. Rxd3 Qf1+ 37. Kh2 Qxd3 38. Qxc6 1/2-1/2